|
|
|
|
| LEADER |
01513nam a2200421Ia 4500 |
| 001 |
EBC179859 |
| 003 |
MiAaPQ |
| 005 |
20200520144314.0 |
| 006 |
m o d | |
| 007 |
cr cn||||||||| |
| 008 |
910226s1992 enkab sb 001 0 eng d |
| 010 |
|
|
|z 91010872
|
| 020 |
|
|
|z 0203136713
|
| 020 |
|
|
|z 0415069858
|
| 035 |
|
|
|a (MiAaPQ)EBC179859
|
| 035 |
|
|
|a (Au-PeEL)EBL179859
|
| 035 |
|
|
|a (CaPaEBR)ebr10060786
|
| 035 |
|
|
|a (CaONFJC)MIL32682
|
| 035 |
|
|
|a (OCoLC)252789836
|
| 040 |
|
|
|a MiAaPQ
|c MiAaPQ
|d MiAaPQ
|
| 050 |
|
4 |
|a HC681
|b .D73 1992
|
| 082 |
0 |
4 |
|a 338.95
|2 20
|
| 100 |
1 |
|
|a Drakakis-Smith, D. W.
|
| 245 |
1 |
0 |
|a Pacific Asia
|h [electronic resource] /
|c David Drakakis-Smith.
|
| 260 |
|
|
|a London ;
|a New York :
|b Routledge,
|c 1992.
|
| 300 |
|
|
|a xii, 220 p. :
|b ill., maps.
|
| 490 |
1 |
|
|a Routledge introductions to development
|
| 504 |
|
|
|a Includes bibliographical references (p. [210]-217) and index.
|
| 533 |
|
|
|a Electronic reproduction. Ann Arbor, MI : ProQuest, 2015. Available via World Wide Web. Access may be limited to ProQuest affiliated libraries.
|
| 651 |
|
0 |
|a Asia
|x History.
|
| 651 |
|
0 |
|a Pacific Area
|x Economic policy.
|
| 651 |
|
0 |
|a Pacific Area
|x Economic conditions.
|
| 651 |
|
0 |
|a Asia
|x Economic policy.
|
| 651 |
|
0 |
|a Asia
|x Economic conditions
|y 1945-
|
| 655 |
|
4 |
|a Electronic books.
|
| 710 |
2 |
|
|a ProQuest (Firm)
|
| 830 |
|
0 |
|a Routledge introductions to development.
|
| 856 |
4 |
0 |
|u https://ebookcentral.proquest.com/lib/matrademy/detail.action?docID=179859
|z Click to View
|